000 00711nam a2200253 a 4500
001 82834
003 BD-RjUL
005 20240129110848.0
008 240129s1994 ii 000 1deng d
020 _a8124800480
035 _aBD-RjUL)82834
040 _aBD-RjUL
_beng
_cBD-RjUL
041 _aeng
082 _a813.3
_bMEM 1994
100 1 _aMelville, Herman,
_d1819-1891.
_954911
245 1 0 _aMoby Dick /
_cHerman Melville
260 _aNew Delhi :
_bDeacock Books,
_c1994
300 _a526 p. ;
_c18 cm.
650 0 _aAmerican literature
_y19th century.
_954912
650 0 _aSea stories, American.
_954913
650 0 _aHunting stories
_zAmerican
_954914
650 0 _aWhales
_952203
942 _2ddc
_cBK
999 _c82834
_d82834